000 00635nam a2200217 4500
001 45651
010 _a9789896687403
021 _aPT
_b526698/24
090 _a45651
100 _a20241122d2024 m y0pory50030103ba
102 _aPT
200 1 _aVerity
_fColleen Hoover
_gtrad. Fernanda Semedo
205 _a18<U+00AA> ed
210 9 _aLisboa
_cTopseller,
_d2024
215 _a319 p.
_d23 cm
675 _a821.111(73)-3
_vBN
_zpor
700 1 _aHoover,
_bColleen,
_f1979-
702 1 _aSemedo,
_bFernanda
801 0 _aPT
_bBN
_gRPC
856 4 1 _uhttp://rnod.bnportugal.gov.pt/ImagesBN/winlibimg.aspx?skey=&doc=2197429&img=201255&save=true
990 _cLIVROS